| 000 | 00623nam a2200193 a 4500 | ||
|---|---|---|---|
| 005 | 20140310183435.0 | ||
| 008 | 080204s19uu xx 00 eng d | ||
| 020 | _a9780789022172 | ||
| 050 |
_aTX 911.3.M3 _b.M685 2007 |
||
| 100 | _aMorritt, Ron | ||
| 245 |
_aSegmentation strategies for hospitality managers : _btarget marketing for competitive advantage / _cRon Morritt |
||
| 260 |
_aBinghamton, New York : _bThe Haworth Press, Inc, _c2007. |
||
| 300 |
_a236 p. : _c22 cm. |
||
| 521 | _aTOU | ||
| 650 |
_aHospitality industry _xMarketing. |
||
| 650 | _aMarket segmentation. | ||
| 942 |
_cBK _2lcc _kFOR |
||
| 999 |
_c22869 _d22869 |
||